LEADER 01300nam a2200301 u 4500 001 000000077538 003 CaOOAMICUS 005 20070226123330.0 008 040210s2003 it u000 u ita u 020 $a8846504461 035 $a10983990 040 $aPUL(R)$bita 245 02$aL'uomo e il cosmo tra Rivelazione e scienza /$cP. Coda ... [et al.] ; a cura di G. Cicchese e S. Rondinara. 260 $aRoma :$bLateran University Press,$cc2003. 300 $a298 p. ;$c21 cm 490 1 $aQuaderni Sefir ;$v3 504 $aBibliografia in nota. 650 4$aReligione e scienza.$0(OLS)http://pul/subject/147 700 1 $aCicchese, Gennaro,$d1961-$0(OLS)http://pul/name/33326 700 1 $aRondinara, Sergio.$0(OLS)http://pul/name/51554 700 1 $aCoda, Piero,$csacerdote,$d1955-$0(OLS)http://pul/name/12631 830 0$aQuaderni Sefir ;$v3.$0(OLS)http://pul/title/101693 850 $aPUL 852 $aPUL$W1$xSL Religione 1$y3$m58 C 114.3$j99584$nBK-PRI$b $qStampati$B99584$CPULBib$Z2$F99584 $HPUL94230 $81 941 1 $a8 996 $6020$a8846504461$9(OLS)http://pul/number/101661 996 $6245$aL'uomo e il cosmo tra Rivelazione e scienza$9(OLS)http://pul/title/101692 996 $6260$aRoma :$bLateran University Press$9(OLS)http://pul/publisher/74370 LEADER 01566nam a2200337 a 4500 001 000000154085 003 CaOOAMICUS 005 20160919165113.0 008 160919s2010 it u000 u ita r 020 $z978-88-15-13907-8* 032 $aLibriCat 040 $aPUL$bita 245 00$aPoliarchia e bene comune : $bChiesa, economia e politica per la crescita dell'Umbria /$ca cura di Silvia Angeletti e Giorgio Armillei ; con un saggio introduttivo di Vincenzo Paglia. 260 $aBologna :$bIl Mulino,$c©2010. 300 $a258 p. ;$c22 cm. 490 1 $aPercorsi 504 $aBibliografia in nota a pič pagina. 650 4$aChiesa e stato.$0(OLS)http://pul/subject/960 651 4$aUmbria$xEconomia e politica.$0(OLS)http://pul/subject/36193 700 1 $aAngeletti, Silvia.$0(OLS)http://pul/name/94309 700 1 $aArmillei, Giorgio.$0(OLS)http://pul/name/98083 700 1 $aPaglia, Vincenzo,$cvescovo emerito di Terni-Narni-Amelia,$d1945-$0(OLS)http://pul/name/17838 830 0$aPercorsi (Il Mulino).$0(OLS)http://pul/title/97174 850 $aPUL 852 $aPUL$W1$xDP1 Fondo G. Barberini$y122$m4 D 99$j177099$qFondi$B180062$CPULBib$Z2$F180062 $HBar2011 $81 941 1 $a1 960 $aStato e Chiesa$9960 996 $6020$z978-88-15-13907-8*$9(OLS)http://pul/number/161098 996 $6245$aPoliarchia e bene comune : $bChiesa, economia e politica per la crescita dell'Umbria$9(OLS)http://pul/title/193664 996 $6260$aBologna :$bIl Mulino$9(OLS)http://pul/publisher/47928